Dans quel Épisode de Star Wars ? Clic Quiz - Statistiques

Statistiques générales
  • Ce quiz a été pris 7 260 fois
  • Le résultat moyen est 15 sur 22
Statistiques - réponses
Hint Réponse % Correct
Naissances de Luke et Leia Episode III

La Revanche des Sith
87%
Course de modules de Boonta Eve Episode I

La Menace Fantôme
85%
"Exécutez l'Ordre 66." Episode III

La Revanche des Sith
81%
Rencontre avec Han Solo dans la cantina de Mos Eisley Episode IV

Un Nouvel Espoir
79%
Han Solo se fait congeler dans la carbonite Episode V

L'Empire contre-attaque
79%
"Je suis ton père.” Episode V

L'Empire contre-attaque
78%
Mort d'Obi-Wan Kenobi Episode IV

Un Nouvel Espoir
77%
Anakin massacre les Tuskens qui ont tué sa mère Episode II

L'Attaque des Clones
74%
Mort du Comte Dooku Episode III

La Revanche des Sith
74%
Mort d'Han Solo Episode VII

Le Réveil de la Force
74%
Bataille de Naboo Episode I

La Menace Fantôme
69%
Bataille de Hoth Episode V

L'Empire contre-attaque
69%
Bataille de Geonosis Episode II

L'Attaque des Clones
68%
Mort de Luke Skywalker Episode VIII

Les Derniers Jedi
68%
Bataille d'Endor Episode VI

Le Retour du Jedi
67%
Mort de Yoda Episode VI

Le Retour du Jedi
63%
Rey retrouve Luke Skywalker Episode VII

Le Réveil de la Force
63%
Mort de Leia Episode IX

L'Ascension de Skywalker
57%
Bataille d'Exegol Episode IX

L'Ascension de Skywalker
55%
Bataille de Crait Episode VIII

Les Derniers Jedi
49%
Bataille de Yavin Episode IV

Un Nouvel Espoir
47%
Bataille de la Grande Fosse de Carkoon Episode VI

Le Retour du Jedi
22%
Aucun quiz correspondant
Distribution des résultats
% des personnes avec chaque résultat
Percentile par nombre de réponses
Votre historique - résultats
Vous n’avez pas pris ce quiz